LISP

Na minha lista:
Detalhes bibliográficos
Main Authors: Winston, Patrick Henry (Author), Horn, Berthold Klaus Paul (Author)
Formato: Livro
Idioma:inglês
Publicado em: Reading : Addison-Wesley Publishing Company, 1989
Tags: Adicionar Tag
Sem tags, seja o primeiro a adicionar uma tag!

MARC

LEADER 00000nam a22000003a 4500
001 stu265184
005 20150617225559.3
008 130409s--------xxu-----------------eng-d
020 |a 0-201-08319-1 
040 |a STU  |b slo 
041 0 |a eng 
044 |a xxu 
100 1 |a Winston, Patrick Henry  |4 aut 
245 1 |a LISP 
260 |a Reading :  |b Addison-Wesley Publishing Company,  |c 1989 
300 |a 603 
700 1 |a Horn, Berthold Klaus Paul  |4 aut 
996 |b 284IQ00074  |c I*16PJ7578  |l I  |s A  |a 24  |w stu265184_0001